O menino que escrevia com os pés (Record no. 194993)

MARC details
000 -LÍDER
campo de controle de tamanho fixo 00357 a2200157 4500
001 - NÚMERO DE CONTROLE
campo de controle 194993
040 ## - FONTE DA CATALOGAÇÃO
Instituição que transcreveu o registro Magnum
100 ## - ENTRADA PRINCIPAL--NOME PESSOAL
Nome pessoal ALVES, Carina
240 10 - TÍTULO UNIFORME
Título uniforme O menino que escrevia com os pés
Idioma da obra por
245 10 - TÍTULO
Título O menino que escrevia com os pés
300 ## - DESCRIÇÃO FÍSICA
Extensão 20
362 0# - DATAS DE PUBLICAÇÃO E/OU DESIGNAÇÃO SEQUENCIAL
Datas de publicação e/ou designação sequencial 2016
440 #1 - DECLARAÇÃO DE SÉRIE/ENTRADA ADICIONADA--TÍTULO
Título Mundo Criar
697 ## - ENTRADA DE ASSUNTO LOCAL--ENTIDADE COLETIVA (RLIN)
Nome corporativo ou nome da jurisdição LITERATURA INFANTIL
942 ## - ELEMENTOS DE ENTRADA ADICIONADOS (KOHA)
Tipo de material Koha Livros
Holdings
Situação do descarte Situação das perdas Situação física Não pode ser emprestado Biblioteca de origem Biblioteca atual Data de aquisição Total de empréstimos Número de chamada completo Código de barras Data de último acesso Data do preço efetivo Tipo de material Koha
        Magnum Magnum 08/06/2024   869.0.1381 MAG00075694 08/06/2024 08/06/2024 Livros